| 000 | 00784 a2200157 4500 | ||
|---|---|---|---|
| 003 | Nust | ||
| 005 | 20230201140832.0 | ||
| 040 | _cNust | ||
| 082 | _a930.1,MAC | ||
| 100 |
_aDonald A. Mackenzie _9108417 |
||
| 245 |
_aFootprints of early man / _cDonald A. Mackenzie |
||
| 260 |
_aLondon _bBlackie and sons |
||
| 300 | _axxx: 190pages | ||
| 505 | _aIntroduction (Page-Xvii), The Earliest Hunters (Page-1), How The Ice Age Began (Page-10), Cold Periods And Warm Periods (Page-18), Ancient Animals (Page-23), Type Of Ice Age Man (Page-31), How Civilization Reached (Page-117), The Ocean Kings (Page-124), Colonies Of Framer (Page-133), The Discovery (Page-141), The Civilization (Page-150), The Ancient Standing (Page-158), Races Of Mankind (Page-168). | ||
| 942 |
_2ddc _cBK _k930.1,MAC |
||
| 999 |
_c193973 _d193973 |
||